000 00712nam a2200241 a 4500
001 64018
003 BD-RjUL
005 20211209081249.0
008 170208s1972 ii ab b 001 0 eng d
035 _a(BD-RjUL)64148
040 _aDLC
_cDLC
_beng
_dBD-RjUL
041 _aeng
082 _a954.023
_223
_bROH 1972
100 1 _aRoy, Atul Chandra
_9190145
245 1 2 _aA history of Mughal navy and naval warfares /
_cAtul Chandra Roy
260 _aCalcutta :
_bWorld Press,
_cc1972
300 _axiii, 164 p. :
_bill. ;
_c22 cm
500 _aIncludes index
504 _aBibliography: p. 161-162
651 0 _aMogul Empire
_xHistory, Naval
_9190146
651 0 _aIndia
_xMogul Empire
_9190147
942 _2ddc
_cBK
999 _c64018
_d64018